Opposing Climate Policies as an Electoral Strategy (notice n° 1722139)
[ vue normale ]
| 000 -LEADER | |
|---|---|
| fixed length control field | 01245cam a2200157 4500500 |
| 005 - DATE AND TIME OF LATEST TRANSACTION | |
| control field | 20260322002307.0 |
| 041 ## - LANGUAGE CODE | |
| Language code of text/sound track or separate title | fre |
| 042 ## - AUTHENTICATION CODE | |
| Authentication code | dc |
| 100 10 - MAIN ENTRY--PERSONAL NAME | |
| Personal name | Jan, Malo |
| Relator term | author |
| 245 00 - TITLE STATEMENT | |
| Title | Opposing Climate Policies as an Electoral Strategy |
| 260 ## - PUBLICATION, DISTRIBUTION, ETC. | |
| Date of publication, distribution, etc. | 2026.<br/> |
| 500 ## - GENERAL NOTE | |
| General note | 89 |
| 520 ## - SUMMARY, ETC. | |
| Summary, etc. | This article analyzes the recent rise of conflict in party competition over ecological issues, which had long been the subject of broad political consensus. It argues that opposition to environmental issues stems from the combination of the growing salience of climate issues and the transformation of public policies, whose economic costs are increasingly perceived as high. While incentives for opposition were initially weak, these changes offered parties the opportunity to mobilize groups considered to be the “losers” of the ecological transition. This hypothesis is tested through an analysis of the salience of ecological issues and the positions taken by French political parties in their manifestos and on social media. |
| 786 0# - DATA SOURCE ENTRY | |
| Note | Revue française de science politique | 75 | 3 | 2026-02-05 | p. 459-490 |
| 856 41 - ELECTRONIC LOCATION AND ACCESS | |
| Uniform Resource Identifier | <a href="https://shs.cairn.info/journal-revue-francaise-de-science-politique-2025-3-page-459?lang=en&redirect-ssocas=7080">https://shs.cairn.info/journal-revue-francaise-de-science-politique-2025-3-page-459?lang=en&redirect-ssocas=7080</a> |
Pas d'exemplaire disponible.




Réseaux sociaux